Responses for show #5109 - Thursday, November 23, 2006

Jeff Spoeri game 4.

Contestants

Sarah Ramer, a clinical research coordinator originally from Wayne, New Jersey

Carl Swanson, a medical office assistant from Minneapolis, Minnesota

Jeff Spoeri, a university administrator from Boynton Beach, Florida (whose 3-day cash winnings total $58,501)

Jeopardy! Round responses

BRITISH BODIES OF WATER
'60s CINEMA
"C" FOOD
3-LETTER WORDS
RAKE
OVER THE COALS
    $200 6
the English Channel

Carl
    $200 21
Doctor Zhivago

Jeff
    $200 1
the coconut

Carl
    $200 11
sty

Carl
    $200 16
Romeo

Carl
    $200 30
briquettes

Jeff
    $400 7
Avon

Carl
    $400 22
The Apartment

Triple Stumper
    $400 2
a cashew

Jeff
    $400 12
gin

Sarah
    $400 17
(Sarah: Who is Cyrano?)

(Giovanni) Casanova

JeffSarah
    $400 29
a chimney

Carl
    $600 8
the Mersey

Jeff
    $600 23
Your Cheatin' Heart

Triple Stumper
    $600 3
the citron

Triple Stumper
    $600 13
dub

Sarah
    $600 18
Pride and Prejudice

Carl
    $600 26
Weber

Jeff
    $800 9
the Firth of Forth

Jeff
    $800 24
(Jeff: Who is Mae West?)

Jean Harlow

JeffCarl
    $800 4
a churro

Sarah
    $800 14
ark

Jeff
    $1,800 19
(Carl: What is The Arabesque?)
(Alex: No, what is [*]. [*]. So you have no money. Ah, easy come, easy go. Make another selection and earn something.)

Don Juan

Carl
    $800 27
Bobby Flay

Sarah
    $1000 10
Hebrides

Jeff
    $1000 25
(Alex: Less than a minute to, uh, deal with that last category, Carl.)

Doris Day

Triple Stumper
    $1000 5
cooler cookies (or coolers)

Sarah
    $1000 15
fir

Jeff
    $1000 20
The Rake's Progress

Carl
    $1000 28
Kingsford

Triple Stumper

Scores at the first commercial break (after clue 15):

Jeff Carl Sarah
$4,600 $1,000 $2,800

Scores at the end of the Jeopardy! Round:

Jeff Carl Sarah
$5,200 $2,200 $3,200

Double Jeopardy! Round responses

THE AMERICAN REVOLUTION
OLYMPIC VENUES
CHEMICAL STATES
(Alex: You have to give the word made by combining chemical symbols, as well as state abbreviations. That doesn't sound easy, does it?)
GREAT SCOTT!
SONGS IN THE CONCERT HALL
"EX" WORDS
    $400 1
Athens

Jeff
    $400 6
clout (Cl+O+UT)

Sarah
    $400 11
Scott Joplin

Jeff
    $400 21
(Jeff: What is "Three Blind Mice"? [Chuckles, shrugs shoulders] That's what it sounded like.)
(Sarah: What is "The Wedding March"?)

"Frère Jacques"

JeffSarah
Triple Stumper
    $400 16
an exposure meter

Sarah
    $800 2
Berlin

Sarah
    $800 7
Nancy (Na+NC+Y)

Jeff
    $800 12
Dred Scott

Jeff
    $800 22
"Clair de Lune"

Sarah
    $800 17
an excise tax

Sarah
    $3,000 28
[The end-of-round signal sounds.]

Canada

Jeff
    $1200 3
Moscow

Jeff
    $1200 8
defect (DE+Fe+CT)

Triple Stumper
    $1200 13
Sir Walter Scott

Sarah
    $1200 23
Sir Arthur Sullivan

Jeff
    $4,000 18
(Sarah: What is exercise?)
(Alex: [Groans] Ohh! "I will faithfully [*]..." "[*]", not exercise.)
[Sarah winces.]

execute

Sarah
    $1600 26
Hessians

Jeff
    $1600 4
Barcelona

Jeff
    $1600 9
Brazil (Br+AZ+IL)

Carl
    $1600 14
Robert Scott

Triple Stumper
    $1600 24
The Tempest

Triple Stumper
    $1600 19
exploded

Carl
    $2000 27
Henry Clinton

Triple Stumper
    $2000 5
Helsinki

Sarah
    $2000 10
cumin (Cu+MI+N)

Carl
    $2000 15
Winfield Scott

Jeff
    $2000 25
(Alex: Less than a minute now, Jeff.)

"None But The Lonely Heart"

Triple Stumper
    $2000 20
expat

Carl

Scores at the end of the Double Jeopardy! Round:

Jeff Carl Sarah
$17,800 $9,400 $5,200

[wagering suggestions for these scores]

Final Jeopardy! Round responses

1970s TELEVISION
(Alex: Carl...)
(Carl: [Shrugs])
(Alex: ...you are probably too young to remember this.)
(Carl: [Points and nods at Alex])
SarahWhat is Wings?
$0
CarlWhat was Intrepid?
$9,200
JeffWhat was "The Six Million Dollar Man"?
$1,001
The Six Million Dollar Man

Final scores:

Jeff Carl Sarah
$18,801 $200 $5,200
4-day champion: $77,302 3rd place: $1,000 2nd place: $2,000

Game dynamics:

Coryat scores:

Jeff Carl Sarah
$16,000 $11,200 $9,200
20 R
(including 1 DD),
2 W
13 R,
1 W
(including 1 DD)
12 R,
3 W
(including 1 DD)

Combined Coryat: $36,400

The J! Archive is created by fans, for fans. The Jeopardy! game show and all elements thereof, including but not limited to copyright and trademark thereto, are the property of Jeopardy Productions, Inc. and are protected under law. This website is not affiliated with, sponsored by, or operated by Jeopardy Productions, Inc. Join the discussion at JBoard.tv.